<?xml version="1.0" encoding="UTF-8"?>
<collection xmlns="http://www.loc.gov/MARC21/slim">
 <record>
  <leader>00580pamaa2200169   4500</leader>
  <controlfield tag="001">0000032523</controlfield>
  <controlfield tag="005">20070226090000.0</controlfield>
  <datafield tag="020" ind1="0" ind2="0">
   <subfield code="a">0849308003 </subfield>
  </datafield>
  <datafield tag="090" ind1="0" ind2="0">
   <subfield code="a">QA76.9.A25 </subfield>
   <subfield code="b">INF 2001</subfield>
  </datafield>
  <datafield tag="245" ind1="1" ind2="0">
   <subfield code="a">INFORMATION security management : </subfield>
   <subfield code="b">handbook volume 2  </subfield>
   <subfield code="c">editors, Harold F. Tipton, Micki Krause.</subfield>
  </datafield>
  <datafield tag="250" ind1="0" ind2="0">
   <subfield code="a">4th ed.</subfield>
  </datafield>
  <datafield tag="260" ind1="0" ind2="0">
   <subfield code="a">Boca Rotan;London: </subfield>
   <subfield code="b">Auerbach, </subfield>
   <subfield code="c">2001.</subfield>
  </datafield>
  <datafield tag="300" ind1=" " ind2=" ">
   <subfield code="a">xii, 626p.; </subfield>
   <subfield code="c">24cm.</subfield>
  </datafield>
  <datafield tag="650" ind1="0" ind2="0">
   <subfield code="a">Computer security -- </subfield>
   <subfield code="x">Management -- </subfield>
   <subfield code="y">Handbook, manuals etc </subfield>
  </datafield>
  <datafield tag="650" ind1="0" ind2="0">
   <subfield code="a">Data protection -- </subfield>
   <subfield code="x">Handbook, manuals etc </subfield>
  </datafield>
  <datafield tag="700" ind1="1" ind2="1">
   <subfield code="a">Tipton, </subfield>
   <subfield code="h">Harold F </subfield>
  </datafield>
  <datafield tag="700" ind1="1" ind2="1">
   <subfield code="a">Krause, </subfield>
   <subfield code="h">Micki </subfield>
  </datafield>
 </record>
</collection>
